1353 1869 1939 1828 1776 1984 1825 1750 1579 1372 1437 1199 1156 1808 1711 1465 1098 1392 1075 1248 1730 1657 1011 1121 1845 1520 1365 1127 1711 1277 1775 1485 1076 1910 1097 1003 1390 1381 1066 1993 1996 1192 1231 1882 1255 1363 1902 1903 1727 1130 1972 1651 1794 1764 1533 1772 1269 1889 1284 1442 1929 1569 1655 1810 1285 1205 1073 1618 1887 1728 1137 1948 1465 1907 1606 1289 1154 1366 1331 1190 1114 1873 1250 1055 1872 1557 1284 1415 1341 1499 1670 1482 1647 1634 1023 1594 1219 1326 1957 BCNSPRNW ULIB Ver.6.0+V

เปลี่ยนเป็นภาษาไทย

Change to English
 แสดงรายละเอียดบรรณานุกรม
  กลับหน้าหลัก

Brief Record : Get Marc (ISO 2709) : E-mail record : QR code < ปิดหน้าต่าง
LEADER : 00000nam 2200000uu 4500
001    13399127627
003     ULIB
008    210311s2562||||th 000 0 tha d
020    ^a9786164301412^c199
060    ^aQS4^bอ313ร
100 1  ^aอรกัญญ์ ภูมิโคกรักษ์
245 10 ^aระบบร่างกายมนุษย์ =^bHuman body /^cอรกัญญ์ ภูมิโครักษ์
246    ^aHuman body
250    ^aพิมพ์ครั้งที่ 15
260    ^aกรุงเทพฯ :^bเอ็มไอเอส,^c2562
300    ^a175 หน้า :^bภาพประกอบ ;^c30 ซม.
650    ^aกายวิภาคศาสตร์
650    ^aสรีรวิทยา
945    ^p199^l0^i007923
945    ^p199^l0^i007924
945    ^p199^l0^i007925
945    ^p199^l0^i007926
945    ^p199^l0^i007927
945    ^p199^l0^i007928
945    ^p199^l0^i007929
945    ^p199^l0^i007930
945    ^p199^l0^i007931
945    ^p199^l0^i007932
999    ^aประนอม เกษจรัล
รายการนี้ยังไม่มีแท็ก
คุณยังไม่ได้ล็อกอิน คุณสามารถมีกิจกรรมร่วมกับเว็บไซต์ได้ แต่ต้องล็อกอินก่อน ::
  ล็อกอิน

รายการสื่อสารสนเทศ

ลำดับที่ ประเภท เลขเรียก/บาร์โค้ด สถานที่ สถานะ
1. วิทยาศาสตร์การแพทย์ และสุขภาพ
หนังสือสำรอง
สถานะ=หนังสือสำรอง
QS4 อ313ร ฉ.1 
  Barcode: 007923
ห้องสมุดวิทยาเขตสวรรค์ประชารักษ์
►หนังสือทั่วไป
บนชั้น
2. วิทยาศาสตร์การแพทย์ และสุขภาพ
วิทยาศาสตร์การแพทย์ และสุขภาพ
QS4 อ313ร ฉ.10 
  Barcode: 007932
ห้องสมุดวิทยาเขตสวรรค์ประชารักษ์
►หนังสือทั่วไป
บนชั้น
3. วิทยาศาสตร์การแพทย์ และสุขภาพ
วิทยาศาสตร์การแพทย์ และสุขภาพ
QS4 อ313ร ฉ.2 
  Barcode: 007924
ห้องสมุดวิทยาเขตสวรรค์ประชารักษ์
►หนังสือทั่วไป
บนชั้น
4. วิทยาศาสตร์การแพทย์ และสุขภาพ
วิทยาศาสตร์การแพทย์ และสุขภาพ
QS4 อ313ร ฉ.3 
  Barcode: 007925
ห้องสมุดวิทยาเขตสวรรค์ประชารักษ์
►หนังสือทั่วไป
บนชั้น
5. วิทยาศาสตร์การแพทย์ และสุขภาพ
วิทยาศาสตร์การแพทย์ และสุขภาพ
QS4 อ313ร ฉ.4 
  Barcode: 007926
ห้องสมุดวิทยาเขตสวรรค์ประชารักษ์
►หนังสือทั่วไป
บนชั้น
6. วิทยาศาสตร์การแพทย์ และสุขภาพ
วิทยาศาสตร์การแพทย์ และสุขภาพ
QS4 อ313ร ฉ.5 
  Barcode: 007927
ห้องสมุดวิทยาเขตสวรรค์ประชารักษ์
►หนังสือทั่วไป
บนชั้น
7. วิทยาศาสตร์การแพทย์ และสุขภาพ
วิทยาศาสตร์การแพทย์ และสุขภาพ
QS4 อ313ร ฉ.6 
  Barcode: 007928
ห้องสมุดวิทยาเขตสวรรค์ประชารักษ์
►หนังสือทั่วไป
บนชั้น
8. วิทยาศาสตร์การแพทย์ และสุขภาพ
วิทยาศาสตร์การแพทย์ และสุขภาพ
QS4 อ313ร ฉ.7 
  Barcode: 007929
ห้องสมุดวิทยาเขตสวรรค์ประชารักษ์
►หนังสือทั่วไป
บนชั้น
9. วิทยาศาสตร์การแพทย์ และสุขภาพ
วิทยาศาสตร์การแพทย์ และสุขภาพ
QS4 อ313ร ฉ.8 
  Barcode: 007930
ห้องสมุดวิทยาเขตสวรรค์ประชารักษ์
►หนังสือทั่วไป
บนชั้น
10. วิทยาศาสตร์การแพทย์ และสุขภาพ
วิทยาศาสตร์การแพทย์ และสุขภาพ
QS4 อ313ร ฉ.9 
  Barcode: 007931
ห้องสมุดวิทยาเขตสวรรค์ประชารักษ์
►หนังสือทั่วไป
บนชั้น

รายการใกล้เคียง
    ผู้แต่ง [อรกัญญ์ ภูมิโคกรักษ์]

    หัวเรื่อง [กายวิภาคศาสตร์]
    หัวเรื่อง [สรีรวิทยา]

BibComment


ยังไม่เคยถูกคอมเมนท์

คอมเมนท์ทรัพยากรรายการนี้
  คอมเมนท์: ระบบร่างกายมนุษย..


 Copyright 2026. Bcnsprnw @Library